Central Library OPAC University of Rajshahi

Thermodynamics of certain refractory compounds / (Record no. 16152)

MARC details
000 -LEADER
fixed length control field 01613cam a22003011 4500
001 - CONTROL NUMBER
control field 16152
003 - CONTROL NUMBER IDENTIFIER
rucl marc code BD-RjUL
005 - DATE AND TIME OF LATEST TRANSACTION
control field 20211208235949.0
008 - FIXED-LENGTH DATA ELEMENTS--GENERAL INFORMATION
fixed length control field 140211s1966 nyuak b 000 0 eng
035 ## - SYSTEM CONTROL NUMBER
System control number (BD-RjUL)16207
System control number (OCoLC)566685
040 ## - CATALOGING SOURCE
Original cataloging agency DLC
Transcribing agency ODaWU
Modifying agency BD-RjUL
Language of cataloging eng
041 ## - LANGUAGE CODE
Language code of text/sound track or separate title eng
082 00 - DEWEY DECIMAL CLASSIFICATION NUMBER
Classification number 666.72
Author mark and year SCT 1966
100 1# - MAIN ENTRY--PERSONAL NAME
Personal name Schick, Harold L.
9 (RLIN) 49994
245 10 - TITLE STATEMENT
Title Thermodynamics of certain refractory compounds /
Statement of responsibility, etc. Harold L. Schick, principal contributor and editor in collaboration with the contributors.
Number of part/section of a work volume II :
Name of part/section of a work thermodynamic tables, bibliography, and property file.
260 ## - PUBLICATION, DISTRIBUTION, ETC. (IMPRINT)
Place of publication, distribution, etc. New York :
Name of publisher, distributor, etc. Academic Press,
Date of publication, distribution, etc. 1966.
300 ## - PHYSICAL DESCRIPTION
Pagination xx, 775 p. :
Illustrations illus., forms. ;
Size 26 cm.
500 ## - GENERAL NOTE
General note "Based on a final report (ASD-TR-61-260 Pt. II, 1964) prepared by the Research and Advanced Development Division of the Avco Corporation on contract AF33(657)-8223 under project no. 7360, The chemistry and physics of materials: task no. 736001, Thermodynamics and heat transfer. The work was administered under the direction of the Materials Physics Division of the Air Force Materials Laboratory, Research and Technology Division."
504 ## - BIBLIOGRAPHY, ETC. NOTE
Bibliography, etc Includes bibliographies.
505 0# - FORMATTED CONTENTS NOTE
Formatted contents note v. 1. Discussion of theoretical studies.--v. 2. Thermodynamic tables, bibliography, and property file.
650 #0 - SUBJECT ADDED ENTRY--TOPICAL TERM
Topical term or geographic name as entry element Refractory materials.
9 (RLIN) 49995
710 2# - ADDED ENTRY--CORPORATE NAME
Corporate name or jurisdiction name as entry element Avco Corporation.
Subordinate unit Research and Advanced Development Division.
9 (RLIN) 49996
Corporate name or jurisdiction name as entry element Air Force Materials Laboratory (U.S.).
Subordinate unit Materials Physics Division.
9 (RLIN) 49997
942 ## - ADDED ENTRY ELEMENTS (KOHA)
Source of classification or shelving scheme Dewey Decimal Classification
Koha item type Books
Holdings
Lost status Source of classification or shelving scheme Materials specified (bound volume or other part) Damaged status Not for loan Collection code Permanent Location Current Location Shelving location Date acquired Source of acquisition Cost, normal purchase price Total Checkouts Full call number Date last seen Copy number Koha item type
  Dewey Decimal Classification V-2   Not For Loan Non-fiction Central Library, University of Rajshahi Central Library, University of Rajshahi Reading Room 19/04/1968 Zeitlinger 361.00   666.72 SCT 1966 11/02/2014 C-1 Books